| 000 | 01485nam a22002777a 4500 | ||
|---|---|---|---|
| 005 | 20210325191730.0 | ||
| 008 | s2540 th tha d | ||
| 041 | _atha | ||
| 090 | _aว SB484.T5.S8 ว516ป 2540 | ||
| 245 | 1 | 0 | _aประมวลความรู้เรื่องอุทยานแห่งชาติดอยสุเทพ-ปุย |
| 260 | 3 |
_aกรุงเทพฯ : _bสถาบันวิจัยเพื่อการพัฒนาประเทศไทย, _c2540 |
|
| 300 |
_a224 หน้า : _b ภาพประกอบ, ตาราง ; _c 27 ซม. |
||
| 650 | 0 | 4 | _aดอยปุย -- นิเวศวิทยา -- วิจัย |
| 650 | 0 | 4 | _aดอยปุย -- ภูมิศาสตร์ -- วิจัย |
| 650 | 0 | 4 | _aดอยสุเทพ -- นิเวศวิทยา -- วิจัย |
| 650 | 0 | 4 | _aดอยสุเทพ -- ภูมิศาสตร์ -- วิจัย |
| 650 | 0 | 4 | _aดอยสุเทพ -- วิจัย |
| 650 | 0 | 4 | _aป่าสงวน -- วิจัย |
| 650 | 0 | 4 | _aระบบนิเวศวิทยา -- วิจัย |
| 650 | 0 | 4 | _aอุทยานแห่งชาติดอยปุย -- วิจัย |
| 650 | 0 | 4 | _aอุทยานแห่งชาติดอยสุเทพ -- วิจัย |
| 850 | _aNALT | ||
| 942 | _cRSH | ||
| 997 |
_c000000000029385 _kVC |
||
| 998 | _aSANG-AROON ANU-KRAUGH | ||
| 999 |
_c29385 _d29385 |
||